| 000 | 00841nas a2200277 4500 | ||
|---|---|---|---|
| 001 | BR9703794 | ||
| 003 | BR-BrBNA | ||
| 005 | 20231205100401.0 | ||
| 007 | ta | ||
| 008 | 230509b bl.|||p| |||| 00| 00por d | ||
| 040 |
_aBR-BrBNA _bpor _cBiblioteca Nacional de Agricultura |
||
| 041 | _a(Pt) | ||
| 072 | _aP10; P33; F60 | ||
| 100 | 1 | _aVilla Nova, N.A. | |
| 100 | 1 | _aBacchi, O.O.S. | |
| 100 | 1 | _aReichardt, K. | |
| 245 | 1 | _aPotencial da agua no sistema solo-planta estimado atraves da fase de vapor | |
| 650 | _aRelacao Agua-Planta | ||
| 650 | _aAgua do Solo | ||
| 650 | _aHigrometria | ||
| 650 | _aEnergia Hidraulica | ||
| 650 | _aModelo Matematico | ||
| 773 | 0 |
_tScientia Agricola (Brazil) _xISSN 0103-9016 _g(Jan-Apr 1996), v. 53(1) p. 194-198 _wBR9703794 |
|
| 909 |
_a202311 _bLúcia _c55 _dLúcia Elande |
||
| 942 |
_2AGRIS _n0 _cANA |
||
| 999 |
_c155702 _d155702 |
||